El capitalismo global y la realidad humana /
Este trabajo examina el capitalismo global como una forma concreta de estar en la realidad cuya influencia determina en gran medida la vida económica y social contemporánea. Desde una perspectiva filosófica, se analiza si este sistema responde coherentemente a la estructura radical de la realidad hu...
محفوظ في:
| المؤلف الرئيسي: | |
|---|---|
| التنسيق: | أطروحة كتاب |
| اللغة: | الإسبانية |
| منشور في: |
Guadalajara, México :
edición de autor,
2009
|
| الموضوعات: | |
| الوصول للمادة أونلاين: | Ver documento en línea |
| الوسوم: |
لا توجد وسوم, كن أول من يضع وسما على هذه التسجيلة!
|
MARC
| LEADER | 00000nam^a2200000^a^4500 | ||
|---|---|---|---|
| 001 | 000630360 | ||
| 005 | 20260414000000.0 | ||
| 009 | 20260414195522.728 | ||
| 037 | |a Acervo ITESO - Biblioteca | ||
| 041 | |a ESP | ||
| 090 | |a MFS. 62 | ||
| 100 | |a Dávila de la Torre, Alfonso |e (autor) | ||
| 245 | 1 | 3 | |a El capitalismo global y la realidad humana / |c A. Dávila de la Torre. |
| 264 | 1 | |a Guadalajara, México : |b edición de autor, |c 2009 | |
| 300 | |a 1 tesis electrónica en línea (121 p.) | ||
| 300 | |a 1 recurso en línea | ||
| 336 | |a datos para computadora |b cod |2 rdacontenido | ||
| 337 | |a computadora |b c |2 rdamedio | ||
| 338 | |a recurso en línea |b cr |2 rdasoporte | ||
| 502 | |a ITESO Tesis de Maestría en Filosofía Social | ||
| 520 | |a Este trabajo examina el capitalismo global como una forma concreta de estar en la realidad cuya influencia determina en gran medida la vida económica y social contemporánea. Desde una perspectiva filosófica, se analiza si este sistema responde coherentemente a la estructura radical de la realidad humana y si constituye una vía adecuada para su realización. El estudio revisa los supuestos económicos, sociales y antropológicos que sostienen al capitalismo global, contrastándolos con una reflexión sobre la realidad humana en sus dimensiones individual, social e histórica. | ||
| 649 | |a XX | ||
| 650 | |a Capitalismo - |x Filosofía - |x Tema Principal | ||
| 650 | |a Globalización - |x Filosofía | ||
| 650 | |a Realidad - |x Filosofía | ||
| 650 | |a Antropología Filosófica - |x Tema Principal | ||
| 650 | |a Sociología de la Economía | ||
| 650 | |a Economía - |x Filosofía | ||
| 650 | |a Filosofía | ||
| 856 | 4 | 0 | |u https://hdl.handle.net/11117/11982 |y Ver documento en línea |
| 910 | |a Fondo General | ||
| 920 | |a Electrónicos - Tesis del ITESO en Línea | ||
| 930 | |a Repositorio Institucional | ||
| 905 | |a 201 | ||
| 901 | |a 630360-1 |b IT2 |c ETI |u 20260414 | ||
| 902 | |a https://opac.biblio.iteso.mx/vufind/Record/000630360 | ||